The book of numbers /
Guardado en:
| Autor Principal: | |
|---|---|
| Otros Autores: | |
| Formato: | Libro |
| Idioma: | English |
| Publicado: |
New York :
Copernicus,
c1996.
|
| Etiquetas: |
Agregar Etiqueta
Sin Etiquetas, Sea el primero en etiquetar este registro!
|
| LEADER | 00917nam a22001935a 4500 | ||
|---|---|---|---|
| 001 | MAT.inmabb000147 | ||
| 008 | 950622s1996####nyua#####b####001#0#eng## | ||
| 005 | 20130304180511.0 | ||
| 245 | 1 | 4 | |a The book of numbers / |c John H. Conway, Richard K. Guy. |
| 260 | |a New York : |b Copernicus, |c c1996. | ||
| 300 | |a ix, 310 p. : |b il. ; |c 25 cm. | ||
| 504 | |a Includes bibliographical references and index. | ||
| 510 | 4 | |a MR, |c 98g:00004 | |
| 505 | 0 | |a 1. Romance of numbers -- 2. Figures from figures -- 3. What comes next? -- 4. Famous families of numbers -- 5. Primacy of primes -- 6. Further fruitfulness of fractions -- 7. Geometric problems and algebraic numbers -- 8. Imagining imaginary numbers -- 9. Some transcendental numbers -- 10. Infinite and infinitesimal numbers. | |
| 020 | |a 038797993X | ||
| 100 | 1 | |a Conway, John Horton. | |
| 700 | 1 | |a Guy, Richard K. | |
| 084 | |a 00A08 |2 msc2000 | ||
| 859 | |h 00A08 |i C767 |p A-7853 |b BIB. MATEMATICA | ||
